BIOCHEMISTRY (Record no. 14143)

MARC details
000 -LEADER
fixed length control field 00300nam a22001457a 4500
003 - CONTROL NUMBER IDENTIFIER
control field SGT
082 ## - DEWEY DECIMAL CLASSIFICATION NUMBER
Classification number 612.015
Item number B17S
100 ## - MAIN ENTRY--PERSONAL NAME
Personal name SATYANARAYANA, U.
245 ## - TITLE STATEMENT
Title BIOCHEMISTRY
250 ## - EDITION STATEMENT
Edition statement 5TH
260 ## - PUBLICATION, DISTRIBUTION, ETC. (IMPRINT)
Place of publication, distribution, etc INDIA
Name of publisher, distributor, etc ELSEVIER
Year of Publication 2017
300 ## - PAGE DESCRIPTION
No. of Pages 777
650 ## - SUBJECT ADDED ENTRY--TOPICAL TERM
Topical term or geographic name as entry element BIOCHEMISTRY
942 ## - ADDED ENTRY ELEMENTS (KOHA)
Source of classification or shelving scheme Dewey Decimal Classification
Koha item type Books
942 ## - ADDED ENTRY ELEMENTS (KOHA)
-- 398
Holdings
Withdrawn status Lost status Source of classification or shelving scheme Damaged status Not for loan Collection code Home library Current library Shelving location Date acquired Vendor Name Cost, normal purchase price SGTU Bill Number Total Checkouts Full call number Accession No. (Barcode) Date last seen Date last borrowed Bill Date Koha item type Total Renewals Checked out
    Dewey Decimal Classification     MEDICAL SGT Medical Library SGT Medical Library Text Book 22/12/2017 ABC DELHI 1325.00 SGTU 8923 70 612.015 B17S FM10281 10/03/2026 26/02/2026   Books    
    Dewey Decimal Classification     MEDICAL SGT Medical Library SGT Medical Library Text Book 22/12/2017 ABC DELHI 1325.00 SGTU 8923 85 612.015 B17S FM10282 30/01/2026 14/01/2026   Books    
    Dewey Decimal Classification     MEDICAL SGT Medical Library SGT Medical Library Text Book 22/12/2017 ABC DELHI 1325.00 SGTU 8923 15 612.015 B17S FM10283 11/05/2019 08/05/2019   Books    
    Dewey Decimal Classification     MEDICAL SGT Medical Library SGT Medical Library Text Book 22/12/2017 ABC DELHI 1325.00 SGTU 8923 79 612.015 B17S FM10284 19/05/2026 19/05/2026   Books    
    Dewey Decimal Classification     MEDICAL SGT Medical Library SGT Medical Library Text Book 22/12/2017 ABC DELHI 1325.00 SGTU 8923 103 612.015 B17S FM10285 02/06/2026 02/06/2026   Books 1 16/06/2026
    Dewey Decimal Classification     MEDICAL SGT Medical Library SGT Medical Library Text Book 22/12/2017 ABC DELHI 1325.00 SGTU 8923 87 612.015 B17S FM10286 26/03/2026 26/03/2026   Books 1  
    Dewey Decimal Classification     MEDICAL SGT Medical Library SGT Medical Library Text Book 22/12/2017 ABC DELHI 1325.00 SGTU 8923 94 612.015 B17S FM10287 03/06/2026 03/06/2026   Books    
    Dewey Decimal Classification     MEDICAL SGT Medical Library SGT Medical Library Text Book 22/12/2017 ABC DELHI 1325.00 SGTU 8923 79 612.015 B17S FM10288 03/06/2026 03/06/2026   Books   17/06/2026
    Dewey Decimal Classification     MEDICAL SGT Medical Library SGT Medical Library Text Book 22/12/2017 ABC DELHI 1325.00 SGTU 8923 89 612.015 B17S FM10289 25/05/2026 25/05/2026   Books 2 08/06/2026
    Dewey Decimal Classification     MEDICAL SGT Medical Library SGT Medical Library Text Book 22/12/2017 ABC DELHI 1325.00 SGTU 8923 58 612.015 B17S FM10290 20/02/2026 20/02/2026   Books 1 06/03/2026